Strzelcy bramek w reprezentacji Polski za kadencji Nawałki - Statystyki

Ogólne statystyki
  • Ten quiz został rozwiązany 294 razy
  • Średni wynik to 13 z 25
Statystyki odpowiedzi
Liczba goli Zawodnik % Poprawnych
37 Lewandowski
100%
6 Błaszczykowski
96%
11 Milik
96%
3 Krychowiak
91%
2 Glik
90%
12 Grosicki
88%
1 Piszczek
86%
2 Zieliński
74%
2 Mączyński
71%
2 Jędrzejczyk
65%
3 Kapustka
61%
2 Mila
61%
1 Bednarek
54%
1 Peszko
42%
1 Teodorczyk
40%
1 Jodłowiec
38%
1 Linetty
37%
1 Szukała
37%
1 Kownacki
28%
2 Wszołek
18%
1 Brożek
16%
1 Starzyński
15%
1 Wolski
14%
1 Kucharczyk
8%
1 Brzyski
6%
Nie znaleziono quizów pasujących do podanych kryteriów
Rozkład punktacji
Procent ludzi z każdym wynikiem
Percentyl według liczby udzielonych odpowiedzi
Twoja historia wyników
Nie rozwiązałeś tego quizu